000
00290nam a2200121Ia 4500
008
190216s9999||||xx |||||||||||||| ||und||
100
_a
Mishra R S
245
0
_a
Economics Of Development
260
_b
Somaiya Publications Pvt Ltd
_c
1973
300
_a
316p
650
_a
Commerce
942
_c
BK
999
_c
4405
_d
4405